| 000 | 01955cam a22002295a 4500 | ||
|---|---|---|---|
| 001 | L139810 | ||
| 008 | 070810e20070810xxk f 000 0 eng d | ||
| 035 | _a(Sirsi) u139810 | ||
| 041 | 0 | _aeng | |
| 050 | 0 | 4 | _a346.410438 $2 18 |
| 110 | 1 |
_aUnited Kingdom _bLand Registry _94774 |
|
| 245 | 0 | 0 |
_aLand Registry e-conveyancing _be-conveyancing secondary legislation _bpart 2 _h[electronic resource] |
| 260 |
_aLondon _bLand Registry _c2007 |
||
| 505 | 0 | _aForeword -- Introduction -- Section 1, How to respond -- Section 2, Executive summary -- Section 3, Proposals for the early stages of e-conveyancing -- Section 4, The use of network access agreements in the early stages of e-conveyancing -- Section 5, An explanation of how electronic legal charges will operate -- Section 6, Draft of the Land Registration (Electronic Conveyancing) Rules 2008 -- Section 7, Notes on the Land Registration (Electronic Conveyancing) Rules 2008 -- Section 8, List of questions -- Annex A, Consultation impact assessment -- Annex B, Relevant legislation -- Annex C, Glossary of terms -- Annex D, Consultees -- Annex E, General principles of consultation -- Annex F, Consultation coordinator | |
| 520 | _aConsultation paper outlining the Land Registry's proposals for The Land Registration (Network Access) Rules 2007 and The Land Registration (Electronic Communications) Order 2007. Includes an overview of proposed e-conveyancing services. Covers electronic legal changes and details of the proposed and existing electronic framework. Responses are due by 16 November 2007. | ||
| 590 | _aKA NTK | ||
| 650 | 2 | 4 | _aECONVEYANCING |
| 651 | 4 |
_aUnited Kingdom _y |
|
| 690 | _aPROPERTY-PROPERTY ACQUISITION AND DISPOSAL-CONVEYANCING-ECONVEYANCING | ||
| 856 | 4 | 0 |
_uhttps://econsultations.e-conveyancing.gov.uk/inovem/consult.ti/SecondaryLegislationPart2/consultationHome _zView the consultation paper free of charge at http://econsultations.e-conveyancing.gov.uk... |
| 942 | _n0 | ||
| 999 |
_c107353 _d107353 |
||